| 000 | 00946nam a2200265 a 4500 | ||
|---|---|---|---|
| 005 | 20220908100903.0 | ||
| 008 | 991125s1989 mx 000 0 spa u | ||
| 020 | _a9684961464 | ||
| 035 | _aUPN01000051611 | ||
| 049 | _aCG | ||
| 050 | 4 |
_aHN5 _bC2.3 no.167 |
|
| 100 | 1 |
_aGiménez Montiel, Gilberto _937767 |
|
| 245 | 1 | 0 |
_aReligión y sociedad en el sureste de México : _bv.7 / _cGilberto Giménez Montiel, Marinella Miano Borruso, Luis Guzmán García. |
| 260 |
_aMéxico : _bCONAFE : _bSEP : _bCIESAS, _c1989. |
||
| 300 | _a201 p. | ||
| 440 | 0 |
_aCuadernos de la casa chata ; _v167 |
|
| 500 | _a"Programa cultural de las fronteras" | ||
| 650 | 4 |
_aRELIGION - _xHISTORIA _913284 |
|
| 650 | 2 |
_aReligión y sociología _96349 |
|
| 651 | 7 |
_aChiapas _xHistoria _2 _913380 |
|
| 651 | 2 |
_aOaxaca (México) _xVida social y costumbres _918335 |
|
| 700 | 1 |
_aMiano Borruso, Marinella, _ecoaut. |
|
| 700 | 1 |
_aGuzmán García, Luis, _ecoaut. |
|
| 905 | _aLibro | ||
| 999 |
_c51611 _d51611 |
||